000 01587nam a22002897a 4500
999 _c21995
_d21995
003 AR-CdUCM
008 190425b ||||| |||| 00| 0 spa d
040 _aMUNICIPALIDAD PROVINCIAL DEL CUSCO
_cBIBLIOTECA MUNICIPAL DEL CUSCO
082 _aSaqsaywaman/N°4/1995
110 _aInstituto Nacional de Cultura Departamental Cusco
_98837
245 _aRevista Saqsaywaman :
_cInstituto Nacional de Cultura Departamental Cusco.
260 _aCusco.
_bINC,
_c1995.
300 _a170 páginas. :
_bilustraciones ;
_c19 cm.
440 _aRevista Saqsaywaman.
_nN°4, 1995.
_947097
505 _aContenido: Trabajos recientes sobre la expansión o desarrollo del Inka temprano al norte del Cusco. Ann Kendall. -- Pukara. Percy Bonnett Medina. -- Aplicación de una propuesta de metodología para conservación de sitios arqueológicos Puca Pucara. Dunia Sánchez Marmanillo. -- Investigación arqueológica en Moray. Arminda Gibaja Oviedo. -- Ocupación Killki en Qhata Q´asallaqta. Alfredo Candia Gómez. -- Sismo en el mundo andino. Rossano Calvo. -- Asentamiento prehispánico de la provincia Sucre Ayacucho. Héctor Espinoza Martínez.
650 _aArqueología cusqueña
_99322
650 _aHistoria del Cusco
_91714
650 _aInkas
_91899
650 _aMonumentos históricos
_96891
700 _aValencia Zegarra, Alfredo
_918086
700 _aKendall, Ann
_922835
700 _aGibaja Oviedo, Arminda
_929271
700 _aCandia Gómez, Alfredo
_947098
856 _uhttp://bvirtual.culturacusco.gob.pe/items/show/100
_zLeer en digital
942 _2ddc
_cPP
945 _arac